MARC

Tag First Indicator Second Indicator Subfields
LEADER 00000cam a2200000 a 4500
001 in00004635375
006 m o d
007 cr un|||||||||
008 141106s1946 ne o 000 0 dut d
005 20230103223442.2
035 |a (OCoLC)ocn930859499 
040 |a VT2  |b eng  |e pn  |c VT2  |d OCLCO  |d OCLCQ  |d UIU  |d YDX  |d OCLCQ  |d LOA  |d OCLCF  |d OCLCQ  |d WY@  |d VT2  |d WYU  |d OCLCQ  |d JSTOR  |d OCLCQ  |d OCL  |d EQF  |d OCLCQ  |d OCLCO  |d FWR  |d VHC  |d OCLCQ 
019 |a 956625107  |a 958863741  |a 1295858207  |a 1295865286  |a 1303423738 
020 |a 9789004286269  |q (electronic bk.) 
020 |a 9004286268  |q (electronic bk.) 
020 |z 9789004285682 
020 |z 9004285687 
024 7 |a 10.1163/9789004286269  |2 doi 
035 |a (OCoLC)930859499  |z (OCoLC)956625107  |z (OCoLC)958863741  |z (OCoLC)1295858207  |z (OCoLC)1295865286  |z (OCoLC)1303423738 
037 |a 22573/ctvbpf13j  |b JSTOR 
043 |a a-em---  |a a-io--- 
050 4 |a DS615  |b .M64 1946 
072 7 |a HBJ  |2 bicssc 
072 7 |a HIS000000  |2 bisacsh 
082 0 4 |a 959.8  |2 23 
049 |a TXAM 
100 1 |a Moestapa, Hasan,  |c hadji. 
245 1 0 |a Over de gewoonten en gebruiken der Soendaneezen /  |c uit het Sondaasch vertaald en van aanteekeningen voorzien door R.A. Kern. 
260 |a 's-Gravenhage :  |b M. Nijhoff,  |c 1946. 
300 |a 1 online resource (290 pages) 
336 |a text  |b txt  |2 rdacontent 
337 |a computer  |b c  |2 rdamedia 
338 |a online resource  |b cr  |2 rdacarrier 
347 |a text file 
490 1 |a Verhandelingen van het Koninklijk Instituut voor de Taal-, Land-, en Volkenkunde van Nederlandsch-Indië ;  |v deel 5 
588 0 |a Print version record. 
546 |a Text in Dutch. 
650 0 |a Sundanese (Indonesian people) 
651 0 |a Lesser Sunda Islands  |x Social life and customs. 
650 6 |a Soundanais (Peuple d'Indonésie) 
651 6 |a Sonde, Petites îles de la  |x Mœurs et coutumes. 
650 7 |a Sundanese (Indonesian people)  |2 fast  |0 (OCoLC)fst01138588 
650 7 |a Manners and customs.  |2 fast  |0 (OCoLC)fst01007815 
651 7 |a Asia  |z Lesser Sunda Islands.  |2 fast  |0 (OCoLC)fst01245975 
655 7 |a Electronic books.  |2 local 
700 0 |a Hasan Moestapa,  |c hadji. 
700 1 |a Kern, Rudolf Arnold,  |d 1875- 
710 2 |a JSTOR (Organization) 
776 0 8 |i Print version:  |a Moestapa, Hasan, hadji.  |t Over de gewoonten en gebruiken der Soendaneezen.  |d 's-Gravenhage, Nijhoff, 1946  |w (OCoLC)23423249 
830 0 |a Verhandelingen van het Koninklijk Instituut voor de Taal-, Land-en Volkenkunde van Nederlandsch-Indië ;  |v 5. 
856 4 0 |u https://www.jstor.org/stable/10.1163/j.ctvbnm4jv  |z Connect to the full text of this electronic book  |t 0 
936 |a BATCHLOAD 
955 |a JSTOR Open Access ebooks 
994 |a 92  |b TXA 
999 f f |s a37cbd9c-93e1-429a-9582-866b62ccfbad  |i bb16c13d-d213-4fbf-bb34-bbe6b60e4dc9  |t 0 
952 f f |a Texas A&M University  |b College Station  |c Electronic Resources  |d Available Online  |t 0  |e DS615 .M64 1946  |h Library of Congress classification 
998 f f |a DS615 .M64 1946  |t 0  |l Available Online